00550nam a2200169 a 450000500170000000800410001702000180005805000260007610000170010224500120011926000600013130000070019144000330019865000110023199900190024295201190026120140414132135.0140221s19uu xx 00 eng d a9781426309137 aREF 599.77bMa11 2012 aMarsh, Laura aWolves. aWashington, DC :bNAtional Geogrpahic for Kids,cc2012. a32 aNational Geographic for Kids aWolves c115303d115303 00104050aMUbMUcREFd2014-02-21eBkRewardl0oREF 599.77 Ma11 2012pM7325r2014-04-14 00:00:00w2014-04-14yBK